00499nam a2200169Ia 4500008004100000041001200041082001200053100002000065245005900085365000700144520001600151546001200167630005900179650001600238655001600254730005900270101110s9999 xx 000 0 und d aENGLISH bSR16479 aMangalgiri S.R. aGroup theory, Co-ordinate Geomatry of Three Dimensions b30 aStats/Maths aENGLISH aGroup theory, Co-ordinate Geomatry of Three Dimensions aStats/Maths aStats/Maths aGroup theory, Co-ordinate Geomatry of Three Dimensions